000 00719nam a22002657a 4500
001 5675
003 FISKH
005 20250113101720.0
008 250113b cb ||||| |||| 00| 0 eng d
020 _a9780618599400
040 _aFISKH
_beng
_cFISKH
_dFISKH
050 _aPZ7
082 _a590
100 _aSmith, Euthia
245 _aSuper animals /
_cBy Euthia Smith
260 _aHoughton Mifflin :
_bBoston,
_c2006.
300 _a16 pages :
_bcolor illustrations ;
_c21 cm
505 _aD
520 _aDifferent kinds of super animal are introduced.
521 8 _a590
_bLexile estimate
521 8 _aD
_bRaz-Plus
650 _aAnimals
_vNon-fiction
942 _2ddc
_cBK
_n0
999 _c5675
_d5675